US States by Midwestern Identity - Statistics

General Stats
  • This quiz has been taken 1 time
  • The average score is 20 of 20
Answers on the Map
Answers color-coded by a green-red scale on the quiz's map according to % correct below.
 
Answer Stats
Hint Answer % Correct
26.6% Arkansas
100%
42.1% Colorado
100%
25.2% Idaho
100%
93.8% Illinois
100%
91.6% Indiana
100%
96.7% Iowa
100%
91.2% Kansas
100%
30.8% Kentucky
100%
85.5% Michigan
100%
96.5% Minnesota
100%
95.3% Missouri
100%
30.1% Montana
100%
92.8% Nebraska
100%
North Dakota
100%
78.2% Ohio
100%
66.2% Oklahoma
100%
92.2% South Dakota
100%
13.0% West Virginia
100%
93.6% Wisconsin
100%
53.5% Wyoming
100%
No matching quizzes found
Score Distribution
Percent of People with Each Score
Percentile by Number Answered
Your Score History
You have not taken this quiz